東京の地下鉄 色が入る駅名 - Statistics

General Stats
  • This quiz has been taken 10 times
  • The average score is 14 of 18
Answer Stats
Answer % Correct
白金台
100%
白金高輪
100%
青山一丁目
89%
赤坂見附
89%
赤坂
89%
赤羽岩淵
89%
赤羽橋
89%
銀座
78%
東銀座
78%
白山
78%
中目黒
67%
銀座一丁目
67%
水天宮前
67%
目黒
67%
御茶ノ水
56%
新御茶ノ水
56%
地下鉄赤塚
56%
清澄白河
56%
No matching quizzes found
Score Distribution
Percent of People with Each Score
Percentile by Number Answered
Your Score History
You have not taken this quiz